Statistiques concernant La Bible - Les 7 églises de l'Apocalypse

Cliquez ici pour prendre le quiz!

Statistiques générales

  • Ce quiz a été pris 10 fois
  • Le résultat moyen est 4 sur 7

Statistiques - réponses

Versets Nom de l'Église % Correct
Ap. 3:7-13Philadelphie
75%
Ap. 3:14-22Laodicée
75%
Ap. 2:1-7Ephèse
63%
Ap. 2:8-11Smyrne
63%
Ap. 2:12-17Pergame
50%
Ap. 2:18-29Thyatire
38%
Ap. 3:1-6Sardes
38%

Distribution des résultats

Percentile by Number Answered

% des personnes avec chaque résultat

Votre développement - résultats

Vous n’avez pas pris ce quiz